Statistics for Country Chain

Click here to take the quiz!

General Stats

  • This quiz has been taken 32 times
  • The average score is 6 of 10

Answer Stats

HintCountry% Correct
The Capital City is BakuAzerbaijan
87%
The President of this country was formerly a ComedianUkraine
77%
Dua Lipa was born hereAlbania
74%
The Queen visited this country in 1982Nauru
71%
Head of State and Goverment is Daniel OrtegaNicaragua
71%
Erling Haaland was born hereNorway
71%
Have their own version of Halloween called BuheEthiopia
55%
The country that first made watchesGermany
52%
Has the Hanish IslandsYemen
52%
Have the world's oldest oil paintingsAfghanistan
39%

Score Distribution

Percentile by Number Answered

Percent of People with Each Score

Your Score History

You have not taken this quiz